Iles de One Piece avec image (Facile) - Statistiques

Statistiques générales
  • Ce quiz a été pris 720 fois
  • Le résultat moyen est 16 sur 22
Statistiques - réponses
Par images Réponse % Correct
Alabasta
97%
Pays des Wa
91%
Marineford
89%
Archipel Sabaody
88%
Water Seven
88%
Thriller Bark
87%
Zo
85%
Ile Tougato
83%
Enies Lobby
81%
Impel Down
81%
Punk Hazard
81%
Amazon Lily
77%
Drum
76%
Ile des hommes-Poissons
67%
Skypiea
67%
Dressrosa
66%
Mary Joise
65%
Little Garden
63%
Jaya
58%
Long Ring Long Land
49%
Whiskey Peak
47%
Cap des Jumeaux
41%
Aucun quiz correspondant
Distribution des résultats
% des personnes avec chaque résultat
Percentile par nombre de réponses
Votre historique - résultats
Vous n’avez pas pris ce quiz